书目信息 |
| 题名: |
悲伤逆流成河
|
|
| 作者: | 郭敬明 著 | |
| 分册: | ||
| 出版信息: | 武汉 长江文艺出版社 2007 |
|
| 页数: | 340页 | |
| 开本: | 21cm | |
| 丛书名: | ||
| 单 册: | ||
| 中图分类: | I247.5 | |
| 科图分类: | ||
| 主题词: | 长篇小说--作品集--中国--当代 | |
| 电子资源: | ||
| ISBN: | 978-7-5354-3443-2 | |
| 000 | 00613nam0 2200217 45 | |
| 001 | 070730001298 | |
| 005 | 20071016104619.68 | |
| 010 | @a978-7-5354-3443-2@dCNY24.00 | |
| 100 | @a20070704d2007 ekmy0chiy0120 ea | |
| 101 | 0 | @achi |
| 102 | @aCN@b110000 | |
| 105 | @ay z 000ay | |
| 200 | 1 | @a悲伤逆流成河@ABei Shang Ni Liu Cheng He@f郭敬明著@FGuo Jing Ming Zhu |
| 210 | @a武汉@c长江文艺出版社@d2007 | |
| 215 | @a340页@d21cm | |
| 606 | 0 | @a长篇小说@x作品集@y中国@z当代 |
| 690 | @aI247.5@v4 | |
| 701 | 0 | @a郭敬明@AGuo Jing Ming@4著 |
| 801 | 0 | @c20071016 |
| 803 | 0 | @aCN@bSYL@c20070704 |
| 905 | @dI247.5@eG8044 | |
| 悲伤逆流成河/郭敬明著.-武汉:长江文艺出版社,2007 |
| 340页;21cm |
| ISBN 978-7-5354-3443-2:CNY24.00 |
| ● |
| 相关链接 |
|
|
|
正题名:悲伤逆流成河
索取号:I247.5/G8044
 
预约/预借
| 序号 | 登录号 | 条形码 | 馆藏地/架位号 | 状态 | 备注 |
| 1 | 653039 | 206530397 | 文学库108/108文学库 28排3列3层/ [索取号:I247.5/G8044] | 在馆 | |
| 2 | 653040 | 206530404 | 社科二线400B/400B社科库 17排1列6层/ [索取号:I247.5/G8044] | 在馆 | |
| 3 | 653041 | 206530413 | 文学库108/400B社科库 27排3列5层/ [索取号:I247.5/G8044] | 在馆 |